CYBER SECURITY UNDERSTANDING CYBER (Record no. 10317)

MARC details
000 -LEADER
fixed length control field 00329nam a22001457a 4500
003 - CONTROL NUMBER IDENTIFIER
control field SGT
020 ## - INTERNATIONAL STANDARD BOOK NUMBER
International Standard Book Number 9788126521791
082 ## - DEWEY DECIMAL CLASSIFICATION NUMBER
Classification number 343.0999,GOD
100 ## - MAIN ENTRY--PERSONAL NAME
Personal name GODBOLE, NINA.
245 ## - TITLE STATEMENT
Title CYBER SECURITY UNDERSTANDING CYBER
260 ## - PUBLICATION, DISTRIBUTION, ETC. (IMPRINT)
Place of publication, distribution, etc NEW DELHI
Name of publisher, distributor, etc WILEY
Year of Publication 2016
300 ## - PAGE DESCRIPTION
No. of Pages 570
650 ## - SUBJECT ADDED ENTRY--TOPICAL TERM
Topical term or geographic name as entry element CYBER SECURITY
942 ## - ADDED ENTRY ELEMENTS (KOHA)
Source of classification or shelving scheme Dewey Decimal Classification
Koha item type Books
942 ## - ADDED ENTRY ELEMENTS (KOHA)
-- 1
Holdings
Withdrawn status Lost status Source of classification or shelving scheme Damaged status Not for loan Collection code Home library Current library Shelving location Date acquired Vendor Name Cost, normal purchase price SGTU Bill Number Full call number Accession No. (Barcode) Date last seen Bill Date Koha item type Total Checkouts Date last borrowed
    Dewey Decimal Classification   Not For Loan LAW SGT Science & Social Sciences Library SGT Science & Social Sciences Library Reference Book 28/12/2016 SETH AND COMPANY 749.00 SGTU 3340 343.0999,GOD FL1565 28/12/2016 23/12/2016 Books    
    Dewey Decimal Classification     LAW SGT Science & Social Sciences Library SGT Science & Social Sciences Library Text Book 28/12/2016 SETH AND COMPANY 749.00 SGTU 3340 343.0999,GOD FL1566 06/06/2026 23/12/2016 Books 4 06/06/2026